LEADER 00399nab a2200145 i 4500 001 000000277002 003 CaOOAMICUS 005 20190403094551.0 008 120410n xx uu u0 0und r 013 $a27138 040 $aSeMil$bita 245 10$a2012 : 1. 773 0 $t2012.$dBerlin ; Boston : De Gruyter, copyr. 2012.$w()212387 996 $6245$a2012 : 1$9(OLS)http://semarc/title/308347 LEADER 01217nam a2200301 i 4500 001 000000117132 003 CaOOAMICUS 005 20040908000000.0 008 040908s2004 it u000 u ita u 013 $a89821 020 $a88-343-1982-6 040 $aSeMil$bita 100 1 $aLoy, Gianni.$0(OLS)http://semarc/name/48866 245 13$aLa professionalità /$cGianni Loy ... [et al.] ; a cura di Mario Napoli. 260 $aMilano :$bVita e Pensiero,$cstampa 2004. 300 $aX, 97 p. ;$c23 cm. 490 0 $aV&P Università. Diritto. Ricerche 500 $aDono del Card. Dionigi Tettamanzi. 650 4$aProfessionalità.$0(OLS)http://semarc/subject/21661 700 1 $aNapoli, Mario <1945-2014>.$0(OLS)http://semarc/name/46148 830 0$aUniversità. Diritto. Ricerche [V&P].$0(OLS)http://semarc/title/10086 850 $aSeMil 852 $aSeMil$W1$xVenegono$y1$m3L II 23$j72532$B72532$CSeMilBibl$Z2$F86472 $81 941 1 $a5 961 $aOmaggio: Tettamanzi Card. Dionigi 996 $6020$a88-343-1982-6$9(OLS)http://semarc/number/101440 996 $6245$aLa professionalità$9(OLS)http://semarc/title/171904 996 $6260$aMilano :$bVita e Pensiero$9(OLS)http://semarc/publisher/29642